000 00396nam a2200157Ia 4500
005 20260330112740.0
008 260330s9999||||xx |||||||||||||| ||und||
020 _a9789582003081
041 _aspa
100 _aVarios
245 0 _aLiteratura Testimonial- Analisis De Un Discurso Periferico /
_cVarios
250 _a1 ed.
260 _aColombia :
_bMagisterio.
300 _a130
942 _cBK
999 _c3225
_d3225